00359 2200145 4500001002100000005001500021035002000036245006100056100003100117300001200148260001900160082000800179084001400187990001200201INLIS00000000000207320250527094816 a0010-05250003651 aTatsacheniiber Deutschland /cGoetha Institute Indonesia0 aTatsacheniiber Deutschland a184 hlm bKatalis,c2005 a430 a430 TAT t a0713309